|
|
|
|
| LEADER |
00000nab a2200000 a 4500 |
| 001 |
vtls008875772 |
| 003 |
SK-MaSNL |
| 005 |
20260304142223.0 |
| 008 |
250505c2005 xo 0 slo |
| 015 |
|
|
|a SNBCL2005/5
|
| 035 |
|
|
|a SLK036984
|
| 035 |
|
|
|a urn:nbn:sk:snk-abyi5
|
| 035 |
|
|
|a (urnnbn)urn:nbn:sk:snk:ar-a03ijy
|
| 035 |
|
|
|a (uuid)b7c6d94a-dc0f-474b-84a0-51d50fb83213
|
| 040 |
|
|
|a SNKBUCL
|b slo
|c SNKBUCL
|e AACR2
|
| 041 |
0 |
|
|a eng
|b eng
|
| 044 |
|
|
|a xo
|c SK
|
| 080 |
|
|
|a 616-018.73-002.2:616.983
|2 1981
|
| 245 |
0 |
0 |
|a Behcet's syndrome
|c E. Kováčová ... [et al.]
|
| 300 |
|
|
|b Obr.
|
| 504 |
|
|
|a Res. angl.
|
| 504 |
|
|
|a Bibliogr. odkazy
|
| 650 |
0 |
7 |
|a Behcetov syndróm
|x patofyziológia
|2 MESH
|9 1461520
|
| 650 |
0 |
7 |
|a farmakoterapia
|x metódy
|2 MESH
|9 1055568
|
| 650 |
0 |
7 |
|a cyklofosfamid
|x použitie terapeutické
|2 MESH
|9 859452
|
| 650 |
0 |
7 |
|a prednizón
|x použitie terapeutické
|2 MESH
|9 1444670
|
| 650 |
0 |
7 |
|a antibiotiká
|2 MESH
|9 2424
|
| 650 |
0 |
7 |
|a antimykotiká
|x použitie terapeutické
|2 MESH
|9 853026
|
| 650 |
0 |
7 |
|a lekárska kazuistika
|2 MESH
|9 69399
|
| 700 |
1 |
|
|a Kováčová, E
|4 aut
|9 404085
|
| 700 |
1 |
|
|a Salmáš, Jozef
|4 aut
|u 1. interná klinika FNsP a LFUK, Bratislava
|9 1454836
|
| 700 |
1 |
|
|a Šteňová, Emöke,
|d 1969-
|4 aut
|9 72728
|
| 700 |
1 |
|
|a Bedeová, J
|4 aut
|9 1139973
|
| 700 |
1 |
|
|a Ďuriš, Ivan,
|d 1933-2014
|4 aut
|9 102395
|
| 773 |
0 |
|
|t Bratislavské lekárske listy
|g Vol. 106, no. 12 (2005), s. 386-389
|x 0006-9248
|
| 850 |
|
|
|a Slovenská národná knižnica
|
| 852 |
|
|
|a Slovenská národná knižnica
|
| 958 |
|
|
|a article27
|
| 958 |
|
|
|a OND
|
| 958 |
|
|
|a EUIPO
|
| 999 |
|
|
|c 2920714
|d 2922644
|